| 000 | 01003nas a2200349 4500 | ||
|---|---|---|---|
| 001 | BR0600304 | ||
| 003 | BR-BrBNA | ||
| 005 | 20231205105756.0 | ||
| 007 | ta | ||
| 008 | 230509b bl.|||p| |||| 00| 00por d | ||
| 040 |
_aBR-BrBNA _bpor _cBiblioteca Nacional de Agricultura |
||
| 041 | _a(En) | ||
| 072 | _aQ02; F30 | ||
| 100 | 1 | _aTucci, M.L.S. | |
| 100 | 1 | _aFigueira, A. | |
| 100 | 1 | _aBovi, M.L.A. | |
| 100 | 1 | _aTuratti, J.M. | |
| 100 | 1 | _aGutierrez, L.E. | |
| 100 | 1 | _aSaes, L.A. | |
| 245 | 1 | _aEvaluation of genotypes for cocoa butter production in the "Vale do Ribeira", São Paulo, Brazil | |
| 650 | _aTHEOBROMA CACAO | ||
| 650 | _aCACAU | ||
| 650 | _aPROCESSAMENTO | ||
| 650 | _aSECAGEM | ||
| 650 | _aÁCIDO GRAXO | ||
| 650 | _aESTUFA | ||
| 650 | _aSEMENTE | ||
| 650 | _aCROMATOGRAFIA GASOSA | ||
| 773 | 0 |
_tBrazilian Journal of Food Technology (Brazil) _xISSN 1519-0900 _g(2002), v. 5 p. 1-9 _wBR0600304 |
|
| 909 |
_a202311 _bLúcia _c55 _dLúcia Elande |
||
| 942 |
_2AGRIS _n0 _cANA |
||
| 999 |
_c184612 _d184612 |
||